The University of Birmingham-Prospectus 2000 (Record no. 195024)

000 -LEADER
fixed length control field 00794 a2200157 4500
003 - CONTROL NUMBER IDENTIFIER
control field Nust
005 - DATE AND TIME OF LATEST TRANSACTION
control field 20170207154214.0
040 ## - CATALOGING SOURCE
Transcribing agency Nust
082 ## - DEWEY DECIMAL CLASSIFICATION NUMBER
Classification number 378.4
245 ## - TITLE STATEMENT
Title The University of Birmingham-Prospectus 2000
Statement of responsibility, etc. The University of Birmingham
260 ## - PUBLICATION, DISTRIBUTION, ETC.
Place of publication, distribution, etc. Birmingham
Name of publisher, distributor, etc. The University of Birmingham
Date of publication, distribution, etc. 2000
300 ## - PHYSICAL DESCRIPTION
Extent 233 p.
505 ## - FORMATTED CONTENTS NOTE
Formatted contents note From the Vice Chancellor (Page-4) How to use this Prospectus (Page-6) Finding out More About Birmingham (Page-8) Applying to Birmingham (Page-34) For International Students (Page-38) Joint Honours and other Programme Combinations (Page-43) Arts, Languages, Literature and History (Page-51) Law (Page-129) Science (Page-179) Part Time Programmes (Page-225) Other Programmes (Page-229)
538 ## - SYSTEM DETAILS NOTE
System details note Almirah No. 117 shelf No. 1
650 ## - SUBJECT ADDED ENTRY--TOPICAL TERM
Topical term or geographic name entry element Prospectus 2000
942 ## - ADDED ENTRY ELEMENTS (KOHA)
Source of classification or shelving scheme
Koha item type Book
Holdings
Withdrawn status Lost status Source of classification or shelving scheme Damaged status Not for loan Collection code Permanent Location Current Location Date acquired Total Checkouts Full call number Barcode Date last seen Price effective from Koha item type
            Military College of Signals (MCS) Military College of Signals (MCS) 12/12/2016   378.4 THE MCSPS-35 12/08/2016 12/12/2016 Book
© 2023 Central Library, National University of Sciences and Technology. All Rights Reserved.